| 000 | 00827nam a2200229 i 4500 | ||
|---|---|---|---|
| 001 | 5779 | ||
| 003 | ES-MaACL | ||
| 005 | 20230906144703.0 | ||
| 008 | 890529s1989 sp ||||1|dspa d | ||
| 020 | _a84-7731-023-8 | ||
| 080 | _a616.89:929 Rodriguez Carballeira, Aurora | ||
| 080 | _a929 Rodríguez Carballeira, Aurora | ||
| 100 | 1 |
_aRendueles, Guillermo. _996206 |
|
| 245 | 1 | 3 |
_aEl manuscrito encontrado en Ciempozuelos : _banálisis de la historia clínica de Aurora Rodríguez / _cGuillermo Rendueles. |
| 260 |
_aMadrid : _bLas Ediciones de la Piqueta : _bEndymion, _c[1989] |
||
| 300 |
_a229 p. ; _c20 cm. |
||
| 490 | 1 |
_aGenealogía del poder ; _v16 |
|
| 600 | 1 | 4 |
_aRodríguez Carballeira, Aurora. _9139293 |
| 830 | 1 |
_aGenealogía del poder ; _v16 _9179409 |
|
| 852 | 4 |
_aES-MaACL _jL-12941 |
|
| 999 |
_c5779 _d5779 |
||